000
00318nam a2200145Ia 4500
100
_a
Kanetkar/ yashavant.P
942
_c
BK
366
_f
20
654
_a
datastructures
245
_a
Datastructures through C
260
_b
BPB
_a
New Delhi
_c
1999
082
_a
005.72/KAN
_b
KAN
300
_a
616
546
_a
ENGLISH
999
_c
27220
_d
27220